K pôvodným politickým zákonom o zahraničných Maďaroch

Problematika maďarskej národnej politiky. Zahraničnopolitická doktrína maďarskej vlády. Starostlivosť o maďarské menšiny v zahraničí. Etapy maďarskej národnej politiky. Kontroverzná právna norma - zákon o zahraničných Maďaroch - pokus o nájdenie odpovede na trianonskú traumu maďarských politických e...

Ausführliche Beschreibung

Gespeichert in:
Bibliographische Detailangaben
1. Verfasser: Weiss, Peter
Format: Buchkapitel
Sprache:Slowakisch
Schlagworte:
Tags: Tag hinzufügen
Keine Tags, Fügen Sie das erste Tag hinzu!

MARC

LEADER 00000naa$a2200000$$$4500
001 0093688
005 20240502072037.8
041 0 |a slo 
044 |a SK 
245 1 0 |a K pôvodným politickým zákonom o zahraničných Maďaroch  |c Peter Weiss 
520 |a Problematika maďarskej národnej politiky. Zahraničnopolitická doktrína maďarskej vlády. Starostlivosť o maďarské menšiny v zahraničí. Etapy maďarskej národnej politiky. Kontroverzná právna norma - zákon o zahraničných Maďaroch - pokus o nájdenie odpovede na trianonskú traumu maďarských politických elít. 
610 2 0 |a politika zahraničná 
610 2 0 |a politika vnútorná 
610 2 0 |a národ 
610 2 0 |a národnosti 
610 2 0 |a menšiny národnostné 
610 2 0 |a vláda 
610 2 0 |a strany politické 
610 2 0 |a legislatíva 
610 2 0 |a Maďarsko 
100 1 |a Weiss, Peter